Normal view
MARC view
- Electrical Engineering and Electronic
Entry Topical Term
001 - CONTROL NUMBER
- control field: 791
003 - CONTROL NUMBER IDENTIFIER
- control field: NUST
005 - DATE AND TIME OF LATEST TRANSACTION
- control field: 20170515172843.0
008 - FIXED-LENGTH DATA ELEMENTS
- fixed length control field: 170515|| aca||aabn | a|a d
040 ## - CATALOGING SOURCE
- Original cataloging agency: NUST
- Transcribing agency: NUST
150 ## - HEADING--TOPICAL TERM
- Topical term or geographic name entry element: Electrical Engineering and Electronic
670 ## - SOURCE DATA FOUND
- Source citation: Work cat.: (NUST)24280: Sign-Tze Bow 790, Patern Recogition:Application to large Data set problem, c1984.
